000 00283nam a22001337a 4500
008 170810b xxu||||| |||| 00| 0 eng d
020 _a9780201709278
041 _aeng
080 _a004
100 _a35
101 _aSHKI
245 _aABSOLUTE C++
_cSAVITCH, W
942 _2udc
_cBK
999 _c23103
_d23103